000 00720cam a22002413a 4500
001 19179
003 PGUSA
005 20140828083415.0
008 060904s2006||||xxu|||||s|||||000 | eng d
040 _aPGUSA
_beng
042 _adc
050 4 _aD501
100 1 _aMiller, Kelly,
_d1863-1939
245 1 0 _aKelly Miller's History of the World War for Human Rights
_h[electronic resource] /
_cKelly Miller
260 _bProject Gutenberg,
_c2006
506 _aPublic domain in the USA.
516 _aElectronic text
653 _aWorld War, 1914-1918
653 _aWorld War, 1914-1918 -- African Americans
830 0 _aProject Gutenberg
_v19179
856 4 0 _uhttp://www.gutenberg.org/ebooks/19179
942 _cEB
999 _c248434
_d248434